000 00619nam a2200217 a 4500
001 BRCA_3976
005 20190320204511.0
008 140110s1941----ne-a######---#000-0#ger-#
041 _ager
044 _ane
050 4 _aND653
_b.F75 1941
100 1 _aFriedländer, Max J.
_97466
245 1 0 _aHieronymus Bosch
_bein Vortrag
_cvon Max J. Friedländer.
260 _aLa Haya
_bL.J.C. Boucher
_c1941
300 _a35 p.
_bil., 7 láminas
_c21 cm.
500 _aCDE52
600 1 4 _aBosco, Hieronymus van Aken, conocido como
_dm. 1518
_910337
650 1 4 _aPintores holandeses
_910338
902 _aGFM
942 _2lcc
_cB
999 _c3702
_d3702